Bài tập vật lí lí thuyết

Spremljeno u:
Bibliografski detalji
Glavni autor: Nguyễn, Hữu Mình
Format: Knjiga
Jezik:Undetermined
Izdano: Hà Nội Giáo dục 2003
Teme:
Oznake: Dodaj oznaku
Bez oznaka, Budi prvi tko označuje ovaj zapis!
Thư viện lưu trữ: Trung tâm Học liệu Trường Đại học Cần Thơ
LEADER 00604nam a2200193Ia 4500
001 CTU_92900
008 210402s9999 xx 000 0 und d
082 |a 530.1076 
082 |b M312/T.1 
100 |a Nguyễn, Hữu Mình 
245 0 |a Bài tập vật lí lí thuyết 
245 0 |c Nguyễn Hữu Mình (Chủ biên) 
260 |a Hà Nội 
260 |b Giáo dục 
260 |c 2003 
650 |a Electrodynamics,Mechanics 
650 |x Problems exercises, etc,Problems exercises, etc 
904 |i Tuyến 
980 |a Trung tâm Học liệu Trường Đại học Cần Thơ